BSOP header

The technique of psychoanalytic psychotherapy / (Record no. 28945)

MARC details
000 -LEADER
fixed length control field 00725nam a2200229 4500
008 - FIXED-LENGTH DATA ELEMENTS--GENERAL INFORMATION
fixed length control field 070419m19731974nyu b 001 0 eng
020 ## - INTERNATIONAL STANDARD BOOK NUMBER
International Standard Book Number 0876680643
100 1# - MAIN ENTRY--PERSONAL NAME
Personal name Langs, Robert,
Dates associated with a name 1928-
245 14 - TITLE STATEMENT
Title The technique of psychoanalytic psychotherapy /
Statement of responsibility, etc [by] Robert Langs.
260 ## - PUBLICATION, DISTRIBUTION, ETC. (IMPRINT)
Place of publication, distribution, etc New York :
Name of publisher, distributor, etc J. Aronson,
Date of publication, distribution, etc [1973-74]
300 ## - PHYSICAL DESCRIPTION
Extent 2 v. ;
Dimensions 24 cm.
336 ## - CONTENT TYPE
Content Type Term text
337 ## - MEDIA TYPE
Media Type Term unmediated
338 ## - CARRIER TYPE
Carrier Type Term volume
490 1# - SERIES STATEMENT
Series statement Classical psychoanalysis and its applications
500 ## - GENERAL NOTE
General note [BSOP library has volume 2 only].
500 ## - GENERAL NOTE
General note Vol. 2 issued without series statement.
504 ## - BIBLIOGRAPHY, ETC. NOTE
Bibliography, etc Bibliography: v. 1, p. 629-632; v. 2, p. 523-527.
650 #4 - SUBJECT ADDED ENTRY--TOPICAL TERM
Topical term or geographic name as entry element Psychoanalysis.
951 ## - EQUIVALENCE OR CROSS-REFERENCE-GEOGRAPHIC NAME/AREA NAME [OBSOLETE] [CAN/MARC only]
General subdivision 00034698
942 ## - ADDED ENTRY ELEMENTS (KOHA)
Source of classification or shelving scheme Library of Congress Classification
Item type Books
Holdings
Withdrawn status Lost status Damaged status Not for loan Home library Current library Shelving location Date acquired Inventory number Shelving control number Total Checkouts Full call number Barcode Date last seen Price effective from Koha item type Source of classification or shelving scheme Source of acquisition Serial Enumeration / chronology Copy number
        BSOP Library BSOP Library GC 12/21/2000 30510 127   RC501/L26t-II 00034698 02/23/2013 02/23/2013 Books        
        BSOP Library BSOP Library Dr. Kirwan's Office 10/05/2018 43511     RC501 L26t 1973 v.II c.2 00054511 10/05/2018 10/05/2018 Books Library of Congress Classification Dr. Kirwan Collection v.II c.2
BSOP

Biblical Seminary of the Philippines
  All rights Reserved
  © 2024

CONTACT INFORMATION

Biblical Seminary of the Philippines,
  77-B Karuhatan Road, Valenzuela City,
  PHILIPPINES 1441
  Phone: +632 8292-6795 / 8292-6798
  Fax : +632 8292-6675
  Email: library@bsop.edu.ph